Gemeinden von Gänserndorf - Statistiken

Allgemein
  • Dieses Quiz wurde 410 mal gespielt
  • Das Durchschnittsergebnis liegt bei 26 aus 44
Antworten auf der Karte
Die Antworten werden auf der Karte rot bzw. grün angezeigt, abhängig davon wie oft sie richtig erraten wurden.
 
Antwortstatistiken
Einw. Gemeinde % Korrekt
11.577 Gänserndorf
96%
11.427 Groß-Enzersdorf
87%
10.392 Strasshof an der Nordbahn
84%
8.792 Deutsch-Wagram
83%
3.366 Angern an der March
79%
2.991 Marchegg
78%
2.111 Orth an der Donau
76%
205 Aderklaa
74%
2.228 Dürnkrut
72%
2.899 Leopoldsdorf im Marchfelde
71%
5.393 Zistersdorf
71%
2.729 Hohenau an der March
69%
1.760 Untersiebenbrunn
67%
2.848 Lassee
66%
1.272 Groß-Schweinbarth
65%
2.799 Matzen-Raggendorf
65%
1.703 Obersiebenbrunn
65%
637 Raasdorf
65%
1.084 Jedenspeigen
62%
348 Mannsdorf an der Donau
60%
1.958 Auersthal
58%
1.112 Drösing
58%
1.262 Eckartsau
58%
2.076 Engelhartstetten
57%
1.950 Schönkirchen-Reyersdorf
57%
893 Markgrafneusiedl
56%
997 Weiden an der March
56%
1.245 Neusiedl an der Zaya
55%
2.029 Weikendorf
54%
1.172 Haringsee
53%
1.436 Prottes
53%
1.669 Bad Pirawarth
52%
911 Ebenthal
52%
1.243 Ringelsdorf-Niederabsdorf
52%
1.198 Sulz im Weinviertel
52%
753 Velm-Götzendorf
52%
1.341 Palterndorf-Dobermannsdorf
51%
1.009 Spannberg
47%
910 Hohenruppersdorf
43%
1.256 Hauskirchen
42%
141 Andlersdorf
38%
98 Großhofen
34%
165 Parbasdorf
34%
301 Glinzendorf
31%
Keine übereinstimmenden Quizze gefunden
Verteilung der Resultate
Anzahl Personen mit jedem Resultat
Perzentil nach korrekt beantworteten Fragen
Ihre Resultats-Entwicklung
Sie haben dieses Quiz noch nicht gespielt